000 00590nam a2200193Ia 4500
003 IN-BaIIA
008 211028s9999 xx 000 0 eng d
040 _cIIA Library
080 _a537.533.13
_bTHO
100 _aThomson, G. P.
_91868
245 0 _aTheory and practice of electron diffraction
_cG. P. Thomson and W. Cochrane
260 _aLondon
_bMacmillan
_c1939
300 _axi, 334p.
650 _aElectron diffraction
_91869
650 _aNASA thesaurus
650 _aXray diffraction
_91870
700 _aCochrane, W.
_91871
942 _cBK
999 _c875
_d875